00384nam a2200181Ia 4500003000900000008004100009040001300050040001300063041000800076100002000084245003600104250001200140260001400152260000900166300001100175300001000186490000600196IT-RoPAU120407s9999 xx 000 0 und d aIT-RoPAU cIT-RoPAU aita aJacques Dournes aLa Missione contro le missioni. aMilano  aJaca Book c1967 a253 p. c21 cm v1